000 00536nam a2200217Ia 4500
003 OSt
005 20220701163143.0
008 210210b2008 xxu||||| |||| 00| 0 eng d
040 _cAL
041 _aeng
082 _a330.15 KALE
100 _aKALLURAYA (Shripathi P)
_946598
245 _aEconomic thought
260 _aMangalore
_bMangala Publications
_c2008
300 _avi,202
650 _aV Sem BA
_946599
690 _aEconomic Thought
_946600
700 _aTHIMMAIYA (T D)
_946601
906 _a062734
942 _2ddc
_cBK
999 _c129782
_d129782